| 000 | 02240cam a22005654i 4500 | ||
|---|---|---|---|
| 003 | PE-LiUPU | ||
| 005 | 20250731172841.0 | ||
| 006 | m o d | ||
| 008 | 160526s2003 iluab rb 001 0 eng d | ||
| 020 | _a9780830838912 | ||
| 020 | _z0830838910 | ||
| 035 | _a(Sirsi) i9780830838912 | ||
| 040 |
_aPE-LiUPU _bspa _cPE-LiUPU _erda |
||
| 049 | _aPRUA | ||
| 082 | 0 | 4 |
_a270.7 _bN77 _222 |
| 100 | 1 |
_aNoll, Mark A., _d1946- |
|
| 245 | 1 | 4 |
_aThe rise of evangelicalism : _bthe age of Edwards, Whitefield, and the Wesleys / _cMark A. Noll. |
| 264 | 1 |
_aDowners Grove, Ill. : _bInterVarsity Press, _c©2003. |
|
| 300 |
_a330 páginas : _bilustraciones ; _c23 centímetros. |
||
| 336 |
_atext _2rdacontent |
||
| 337 |
_aunmediated _2rdamedia |
||
| 338 |
_avolume _2rdacarrier |
||
| 490 | 1 |
_aA history of evangelicalism ; _vvolume 1 |
|
| 504 | _aBibliografía : páginas 295-317. | ||
| 504 | _aÍndice : páginas 319-330. | ||
| 505 | 0 | _aLandscapes : political, ecclesiastical, spiritual -- Antecedents, stirrings -- Revival, 1734-1738 -- Revival, fragmentation, consolidation, 1738-1745 -- Explanations -- Development, 1745-1770 -- Diversification, 1770-1795 -- In the world -- True religion. | |
| 526 | _aSEG42 | ||
| 526 | _aSEG41 | ||
| 526 | _aSEG40 | ||
| 526 | _aSEG39 | ||
| 526 | _aP94 | ||
| 526 | _aP87 | ||
| 526 | _aP86 | ||
| 526 | _aP85 | ||
| 526 | _aP77 | ||
| 526 | _aP76 | ||
| 526 | _aP35 | ||
| 650 | 4 | _aEvangelicalismo -- Historia -- Siglo 18. | |
| 650 | 4 | _aEvangelicalismo -- Historia -- Siglo 19. | |
| 650 | 4 |
_aReligión. _95128 |
|
| 650 | 7 |
_aReligión / cristianismo / Historia _2bisacsh |
|
| 650 | 7 |
_aReligión / Iglesia cristiana / Historia _2bisacsh |
|
| 910 |
_ajck _bebj _cebj _d20160525 |
||
| 942 |
_2ddc _cBOOK |
||
| 949 |
_a270.7 N77 _wDEWEY _c1 _i73313 _lCCODEBUL1 _mBUL _p24.00 _r0 _sY _tBOOK _u2016-5-25 _xTEOLOGIA _PP85 _0COMPRA _o.STAFF. Colección General Teología |
||
| 994 |
_aC0 _bPEPRU |
||
| 596 | _a1 | ||
| 999 |
_a270.7 N77 _wDEWEY _c9535 _i73313 _d9535 _f2021-11-11 _g6 _lCCODEBUL1 _mBUL _p24.00 _q1 _r0 _sY _tBOOK _u2016-5-25 _xTEOLOGIA _PP85 _0COMPRA _o.STAFF. Colección General Teología |
||
| 980 |
_81 _gALBERTO SANCHEZ Responsable de Automatización |
||